Movie Alphabet C - Statistics

General Stats
  • This quiz has been taken 106 times
  • The average score is 8 of 16
Answer Stats
Picture Answer % Correct
Cinderella
96%
Captain America: The First Avenger
94%
Catch Me If You Can
84%
Carrie
83%
Casablanca
77%
Cast Away
77%
Coraline
71%
Candyman
54%
Children of the Corn
49%
Christine
41%
Clue
38%
Creature from the Black Lagoon
24%
Child's Play
17%
The Cabinet of Dr. Caligari
15%
Confess, Fletch
12%
The Collector
12%
No matching quizzes found
Score Distribution
Percent of People with Each Score
Percentile by Number Answered
Your Score History
You have not taken this quiz